| 000 | 01363cam a2200373 a 4500 | ||
|---|---|---|---|
| 001 | 12764726 | ||
| 003 | OSt | ||
| 005 | 20140310184332.0 | ||
| 008 | 020506s2003 nyua c 000 1 eng | ||
| 010 | _a 2002006981 | ||
| 020 | _a0439283574 (hardcover) | ||
| 040 |
_aDLC _cDLC _dDLC |
||
| 041 | 1 |
_aeng _hger |
|
| 042 | _alcac | ||
| 050 | 0 | 0 |
_aPZ 7 _b.R26347 2005 |
| 100 | 1 |
_aReiche, Dietlof. _923885 |
|
| 240 | 1 | 0 |
_aFreddy, eim wildes Hamsterlebin. _lEnglish |
| 245 | 1 | 0 |
_aI, Freddy : _bbook one in the golden hamster saga / _cDietlof Reiche ; translated by John Brownjohn ; illustrated by Joe Cepeda. |
| 250 | _a1st American ed. | ||
| 260 |
_aNew York : _bScholastic Press, _c2005. |
||
| 300 |
_a201 p. : _bill. ; _c20 cm. |
||
| 521 | _aG5 | ||
| 526 | _c710 | ||
| 650 | 1 |
_aGolden hamster _vFiction. _923886 |
|
| 650 | 1 |
_aHamsters _vFiction. _923887 |
|
| 650 | 1 |
_aPets _vFiction. _923888 |
|
| 700 | 1 |
_aBrownjohn, John. _923889 |
|
| 700 | 1 |
_aCepeda, Joe, _eill. _923890 |
|
| 856 | 4 | 2 |
_3Publisher description _uhttp://www.loc.gov/catdir/description/schol051/2002006981.html |
| 906 |
_a7 _bcbc _corignew _d1 _eecip _f20 _gy-gencatlg |
||
| 942 |
_2lcc _cBK-SCHOLAS |
||
| 999 |
_c33677 _d33677 |
||